zpět

Detail výsledku týmu

Burger & Beer Brothers, Olomouc

Datum a čas kvízu

25.5 Celkem bodů Celkový počet nahraných bodů na tomto kvízu bez doplňovacích otázek.
6. Pořadí na kvízu Konečné umístění týmu na tomto kvízu.

Zaznamenané odpovědi

# Otázka Odpověď Body Výsledky
1. Řídit soupravu pražského metra... 1
2. Loď slavného polárního badatel... 0
3. Čínské úřady nedovolily v zemi... 1
4. Známá vltavská Barevná skála j... 1
5. Vytrvalostní běžkyně Eva Vrabc... 0
6. Partnerem Hospodského kvízu se... 1
7. Když se řekne rum, může to něk... 0
8. Jak se jmenuje české město, v... 0
9. Napište podtitul druhého dílu... 1
10. Jak se nazývá země, ze které p... 0